13 reasons why quizz personnages - Statistiques

Statistiques générales
  • Ce quiz a été pris 874 fois
  • Le résultat moyen est 13 sur 45
Statistiques - réponses
Réponses % Correct
1 Hannah
97%
2 Clay
94%
3 Justin
87%
5 Jessica
85%
6 Bryce
77%
4 Alex
71%
10 Tony
60%
8 Tyler
56%
7 Zach
54%
12 Courtney
44%
14 Montgomery
43%
13 Marcus
39%
19 Ani
35%
11 Sheri
33%
20 Ryan
31%
18 Chloé
30%
40 Kevin Porter
29%
15 Jeff
27%
16 Skye
26%
41 Tracy Porter
26%
27 Lainie Jensen
24%
28 Matt jensen
24%
34 Nora Walker
21%
35 Barry Walker
18%
26 Olivia Baker
17%
9 Cyrus
16%
21 Scott
15%
29 Amber Foley
14%
30 Bill Standall
14%
31 Carolyn Standall
13%
24 Kat
13%
25 Andy Baker
12%
32 Greg Davis
12%
33 Noelle Davis
12%
23 Nina
11%
38 Gary Bolan
10%
36 Karen Dempsey
10%
17 Mackenzie
8%
22 Brad
7%
42 Pam Bradley
5%
39 Dennis Vasquez
4%
37 Todd Crimsen
4%
43 Coach Patrick
3%
45 Sonia Struhl
1%
44 Jackie Chan
0%
Aucun quiz correspondant
Distribution des résultats
% des personnes avec chaque résultat
Percentile par nombre de réponses
Votre historique - résultats
Vous n’avez pas pris ce quiz